The third gift / Linda Sue Park ; illustrated by ... Read More
Available copies
- 1 of 1 copy available at LARL/NWRL Consortium.
- 1 of 1 copy available at Lake Agassiz Regional Library. (Show preferred library)
Current holds
0 current holds with 1 total copy.
Show Only Available Copies
| Location | Call Number / Copy Notes | Barcode | Shelving Location | Status | Due Date |
|---|---|---|---|---|---|
| Moorhead Public Library | E P (Text) | 33500010895241 | Main | Available | - |
Record details
- ISBN: 9780547201955 (hardcover : alk. paper)
- ISBN: 0547201958 (hardcover : alk. paper)
- Physical Description: 1 v. (unpaged) : col. ill. ; 30 cm.
- Publisher: New York : Clarion Books, 2011.
Content descriptions
| Summary, etc.: | After harvesting an especially large "tear" of a ... Read More |
Search for related items by subject
| Genre: | Picture books for children. Christmas stories, American. |
| LDR | 01976cam a2200457 a 4500 | ||
|---|---|---|---|
| 001 | 147490 | ||
| 003 | LARL_NWRL_CONSORTIUM | ||
| 005 | 20121115145040.0 | ||
| 008 | 110114s2011 nyua b 000 1 eng | ||
| 010 | . | ‡a2010050819 | |
| 020 | . | ‡a9780547201955 (hardcover : alk. paper) | |
| 020 | . | ‡a0547201958 (hardcover : alk. paper) | |
| 035 | . | ‡a(OCoLC)694830092 | |
| 040 | . | ‡aDLC ‡beng ‡cDLC ‡dIG# ‡dBTCTA ‡dIK2 ‡dJRS ‡dVP@ ‡dYDXCP ‡dJPL ‡dBDX ‡dUBY | |
| 042 | . | ‡alcac ‡apcc | |
| 050 | 0 | 0. | ‡aPZ7.P22115 ‡bThi 2011 |
| 082 | 0 | 0. | ‡a[E] ‡222 |
| 100 | 1 | . | ‡aPark, Linda Sue. ‡0(LARL_NWRL_CONSORTIUM)127682 |
| 245 | 1 | 4. | ‡aThe third gift / ‡cLinda Sue Park ; illustrated by Bagram Ibatoulline. |
| 260 | . | ‡aNew York : ‡bClarion Books, ‡c2011. | |
| 300 | . | ‡a1 v. (unpaged) : ‡bcol. ill. ; ‡c30 cm. | |
| 520 | . | ‡aAfter harvesting an especially large "tear" of a resin known as myrrh, a young boy and his father visit a spice merchant whose three customers are seeking a special gift to bring to a baby. Includes biblical references and historical information about the Magi and myrrh. | |
| 650 | 1. | ‡aMyrrh ‡vFiction. | |
| 650 | 1. | ‡aFathers and sons ‡vFiction. ‡0(LARL_NWRL_CONSORTIUM)164946 | |
| 650 | 1. | ‡aMagi ‡vFiction. ‡0(LARL_NWRL_CONSORTIUM)173151 | |
| 600 | 0 | 1. | ‡aJesus Christ ‡xNativity ‡vFiction. |
| 650 | 0. | ‡aMyrrh ‡vJuvenile fiction. | |
| 650 | 0. | ‡aFathers and sons ‡vJuvenile fiction. ‡0(LARL_NWRL_CONSORTIUM)169362 | |
| 650 | 0. | ‡aMagi ‡vJuvenile fiction. | |
| 600 | 0 | 0. | ‡aJesus Christ ‡xNativity ‡vJuvenile fiction. |
| 650 | 7. | ‡aFather-son relationship ‡vFiction. ‡2sears | |
| 600 | 0 | 7. | ‡aJesus Christ ‡xNativity ‡vFiction. ‡2sears |
| 655 | 0. | ‡aPicture books for children. | |
| 655 | 0. | ‡aChristmas stories, American. | |
| 700 | 1 | . | ‡aIbatoulline, Bagram, ‡eill. ‡0(LARL_NWRL_CONSORTIUM)44128 |
| 948 | . | ‡hNO HOLDINGS IN LAL - 836 OTHER HOLDINGS | |
| 994 | . | ‡aZ0 ‡bLAL | |
| 901 | . | ‡a147490 ‡bOCLC ‡c147490 ‡tbiblio | |

Add to basket
Permalink
Enable Highlighting